<?xml version="1.0" encoding="UTF-8"?>
<record
    xmlns:xsi="http://www.w3.org/2001/XMLSchema-instance"
    xsi:schemaLocation="http://www.loc.gov/MARC21/slim http://www.loc.gov/standards/marcxml/schema/MARC21slim.xsd"
    xmlns="http://www.loc.gov/MARC21/slim">

  <leader>01070nam a2200253 a 4500</leader>
  <controlfield tag="001">BRCA_4479</controlfield>
  <controlfield tag="005">20190320204703.0</controlfield>
  <controlfield tag="008">080910s1809----fr-b######---#000-0#fre-#</controlfield>
  <datafield tag="041" ind1=" " ind2=" ">
    <subfield code="a">fre</subfield>
  </datafield>
  <datafield tag="044" ind1=" " ind2=" ">
    <subfield code="a">fr</subfield>
  </datafield>
  <datafield tag="050" ind1=" " ind2="4">
    <subfield code="a">G1549</subfield>
    <subfield code="b">.H86 1809</subfield>
  </datafield>
  <datafield tag="100" ind1="1" ind2=" ">
    <subfield code="a">Humboldt, Alexandre de</subfield>
    <subfield code="9">11348</subfield>
  </datafield>
  <datafield tag="245" ind1="1" ind2="0">
    <subfield code="a">Carte g&#xE9;n&#xE9;rale du Royaume de la Nouvelle Espagne</subfield>
    <subfield code="h">material cartogr&#xE1;fico</subfield>
    <subfield code="b">depuis le parallele de 16&#xBA; jus qu&#xB4;au parallele de 38&#xBA; (latitude nord)</subfield>
    <subfield code="c">Alexandre de Humboldt.</subfield>
  </datafield>
  <datafield tag="260" ind1=" " ind2=" ">
    <subfield code="a">Francia</subfield>
    <subfield code="b">Auvray</subfield>
    <subfield code="c">1809</subfield>
  </datafield>
  <datafield tag="300" ind1=" " ind2=" ">
    <subfield code="a">1 mapa</subfield>
    <subfield code="b">il. a color</subfield>
    <subfield code="c">105 x 74 cm., pleg. 21 x 15 cm.</subfield>
  </datafield>
  <datafield tag="500" ind1=" " ind2=" ">
    <subfield code="a">Dres&#xE9;e sur des observations astronomiques et sur&#xB4; l&#xB4;ensemble des mat&#xE9;riaux qui existoient a Mexico au commencement de l&#xB4;an&#xE9;e 1804 par Alexandre de Humboldt</subfield>
  </datafield>
  <datafield tag="500" ind1=" " ind2=" ">
    <subfield code="a">(O 117&#xBA; - O 96&#xBA; 30&#xB4; / n 42&#xBA; - N 15&#xBA;) Correcciones por MM. Friesen, Oltmanns et thuilier</subfield>
  </datafield>
  <datafield tag="500" ind1=" " ind2=" ">
    <subfield code="a">Mapa inventariado por Banco de M&#xE9;xico como libro</subfield>
  </datafield>
  <datafield tag="500" ind1=" " ind2=" ">
    <subfield code="a">CC7</subfield>
  </datafield>
  <datafield tag="650" ind1="1" ind2="4">
    <subfield code="a">Mapas</subfield>
    <subfield code="y">1809</subfield>
    <subfield code="z">M&#xE9;xico</subfield>
    <subfield code="9">11349</subfield>
  </datafield>
  <datafield tag="650" ind1="1" ind2="4">
    <subfield code="a">M&#xE9;xico</subfield>
    <subfield code="x">Historia</subfield>
    <subfield code="9">564</subfield>
  </datafield>
  <datafield tag="902" ind1=" " ind2=" ">
    <subfield code="a">GFM</subfield>
  </datafield>
  <datafield tag="942" ind1=" " ind2=" ">
    <subfield code="2">lcc</subfield>
    <subfield code="c">B</subfield>
  </datafield>
  <datafield tag="999" ind1=" " ind2=" ">
    <subfield code="c">4185</subfield>
    <subfield code="d">4185</subfield>
  </datafield>
  <datafield tag="952" ind1=" " ind2=" ">
    <subfield code="0">0</subfield>
    <subfield code="1">0</subfield>
    <subfield code="4">0</subfield>
    <subfield code="7">0</subfield>
    <subfield code="a">BRCA</subfield>
    <subfield code="b">BRCA</subfield>
    <subfield code="d">2010-09-08</subfield>
    <subfield code="i">CC7</subfield>
    <subfield code="l">0</subfield>
    <subfield code="o">G1549 .H86 1809 (CC7)</subfield>
    <subfield code="p">4476</subfield>
    <subfield code="r">2019-03-22 00:00:00</subfield>
    <subfield code="w">2019-03-22</subfield>
    <subfield code="y">B</subfield>
  </datafield>
</record>
